| 000 | 00606nam a2200193 4500 | ||
|---|---|---|---|
| 005 | 20241024154522.0 | ||
| 010 | _aENG-142425 | ||
| 020 |
_c175.00 _a9789353479220 |
||
| 035 | _aEN-125957 | ||
| 037 | _bDBAD | ||
| 082 | _a158.1 | ||
| 100 |
_aPaula _973417 |
||
| 245 |
_aLinear Programming In Counselling/ _bPaula |
||
| 250 | _aFirst | ||
| 260 |
_bBluerose Publishers _aUttar Pradesh _c2020 |
||
| 270 |
_aABL Workspaces, B-6, Amaltash Marg, Block B, Sector 4 _bNoida _k8882898898 _e201301 _minfo@bluerosepublishers.com |
||
| 300 |
_a94p. _c20cm(pb) |
||
| 942 |
_2ddc _cEN _h158.1 _mPAU _e2020 |
||
| 999 |
_c206728 _d206728 |
||